000 00687nam a2200229 4500
001 32491
003 AR-RoBPED
005 20260401092354.0
008 260331s1970 es ||||gr|||| 000 1 spa d
040 _aAR-RoBPED
041 _aspa
100 1 _aMauriac, Francois
_96751
245 1 3 _aEl desierto del amor /
_cFrancois Mauriac ; prologo de Lorenzo Gomis
260 _aEspaƱa :
_bSalvat,
_c1970.
300 _a175 p.
490 0 _a(Biblioteca Basica Salvat)
650 4 _aLITERATURA FRANCESA
_9393
650 4 _aNOVELAS
_925
700 _aGomis, Lorenzo
_930677
_eprolog.
942 _2udc
_ak. 32491
_cBK
_h840-31
_mM 29 d
_ninv. 42347
945 _amm 31/03/2026 - cd 01/04/2026
999 _c32491
_d32491